Top 10 Najbogatszych Państw Europy - Statystyki

Ogólne statystyki
  • Ten quiz został rozwiązany 82 razy
  • Średni wynik to 6 z 10
Statystyki odpowiedzi
PKB na Mieszkańca Państwo % Poprawnych
$91,900 Szwajcaria
81%
$144,000 Luksemburg
79%
$203,000 Monako
69%
$134,000 Liechtenstein
67%
$82,800 Norwegia
67%
$74,200 Holandia
56%
$77,600 Dania
53%
$87,000 San Marino
53%
$73,800 Islandia
49%
$134,000 Irlandia
42%
Nie znaleziono quizów pasujących do podanych kryteriów
Rozkład punktacji
Procent ludzi z każdym wynikiem
Percentyl według liczby udzielonych odpowiedzi
Twoja historia wyników
Nie rozwiązałeś tego quizu